00325nam a2200121Ia 4500008004100000041000800041082001600049100001700065245004500082260003600127300002900163365001100192240624s9999 xx 000 0 und d aeng a303.482 BAJ aBAJPAI KANTI aINTERNATIONAL RELATIONS IN INDIA BRINGIN c2005aNew DelhibOrient Longman ax, : 546 : p. : cm. ; 21 cRSb30